Statistiques concernant Capitales d'Europe - Quiz

Cliquez ici pour prendre le quiz!

Statistiques générales

  • Ce quiz a été pris 145 597 fois
  • Le résultat moyen est 32 sur 45

Statistiques - réponses

PaysCapitale% Correct
FranceParis
99%
AllemagneBerlin
98%
ItalieRome
97%
EspagneMadrid
97%
Royaume-UniLondres
94%
BelgiqueBruxelles
93%
PortugalLisbonne
92%
LuxembourgLuxembourg
92%
GrèceAthènes
91%
MonacoMonaco
91%
RussieMoscou
90%
IrlandeDublin
89%
Pays-BasAmsterdam
88%
AutricheVienne
88%
Cité du VaticanCité du Vatican
87%
NorvègeOslo
85%
HongrieBudapest
80%
DanemarkCopenhague
78%
SuisseBerne
77%
PologneVarsovie
77%
RoumanieBucarest
76%
République tchèquePrague
75%
FinlandeHelsinki
74%
SuèdeStockholm
73%
UkraineKiev
73%
BulgarieSofia
72%
Saint-MarinSaint-Marin
68%
CroatieZagreb
67%
IslandeReykjavik
65%
AndorreAndorre-la-Vieille
63%
LettonieRiga
61%
MalteLa Valette
60%
BiélorussieMinsk
57%
LituanieVilnius
56%
EstonieTallinn
56%
Bosnie-HerzégovineSarajevo
56%
AlbanieTirana
51%
SlovaquieBratislava
47%
SerbieBelgrade
46%
SlovénieLjubljana
46%
LiechtensteinVaduz
39%
Macédoine du NordSkopje
37%
MoldavieChișinău
32%
KosovoPristina
32%
MonténégroPodgorica
27%

Distribution des résultats

Percentile par nombre de réponses

% des personnes avec chaque résultat

Votre développement - résultats

Vous n’avez pas pris ce quiz